<?xml version="1.0" encoding="UTF-8"?>
<record
    xmlns:xsi="http://www.w3.org/2001/XMLSchema-instance"
    xsi:schemaLocation="http://www.loc.gov/MARC21/slim http://www.loc.gov/standards/marcxml/schema/MARC21slim.xsd"
    xmlns="http://www.loc.gov/MARC21/slim">

  <leader>03483nam a2200421 i 4500</leader>
  <controlfield tag="001">155388</controlfield>
  <controlfield tag="003">ES-MaACL</controlfield>
  <controlfield tag="005">20250830063107.0</controlfield>
  <controlfield tag="008">931025e1789    sp     |r     001 0 spa  </controlfield>
  <datafield tag="040" ind1=" " ind2=" ">
    <subfield code="c">ES-MaACL</subfield>
  </datafield>
  <datafield tag="080" ind1=" " ind2=" ">
    <subfield code="a">572</subfield>
  </datafield>
  <datafield tag="080" ind1=" " ind2=" ">
    <subfield code="a">113/119 </subfield>
  </datafield>
  <datafield tag="080" ind1=" " ind2=" ">
    <subfield code="a">57"17"</subfield>
  </datafield>
  <datafield tag="080" ind1=" " ind2=" ">
    <subfield code="a">37"17" </subfield>
  </datafield>
  <datafield tag="100" ind1="1" ind2=" ">
    <subfield code="a">Herv&#xE1;s, Lorenzo,</subfield>
    <subfield code="d">1735-1809</subfield>
    <subfield code="e">aut</subfield>
    <subfield code="9">63423</subfield>
  </datafield>
  <datafield tag="245" ind1="1" ind2="0">
    <subfield code="a">Historia de la vida del hombre. </subfield>
    <subfield code="n">Tomo primero.</subfield>
    <subfield code="p">Concepci&#xF3;n, Nacimiento, Infancia y Ni&#xF1;ez del Hombre /</subfield>
    <subfield code="c">su autor el abate don Lorenzo Herv&#xE1;s y Panduro, S&#xF3;cio de la Real Acad&#xE9;mia de las Ciencias y Antig&#xFC;edades de Dublin, y de la Etrusca de Cortona</subfield>
  </datafield>
  <datafield tag="246" ind1="1" ind2=" ">
    <subfield code="a">Concepci&#xF3;n, nacimiento, infancia y ni&#xF1;ez del hombre</subfield>
  </datafield>
  <datafield tag="260" ind1=" " ind2=" ">
    <subfield code="a">Madrid : </subfield>
    <subfield code="b">en la imprenta de Aznar, </subfield>
    <subfield code="c">1789</subfield>
  </datafield>
  <datafield tag="300" ind1=" " ind2=" ">
    <subfield code="a">[8], XV-XXXII, 379 p&#xE1;ginas, [1] en blanco ; </subfield>
    <subfield code="c">4&#xBA;</subfield>
  </datafield>
  <datafield tag="500" ind1=" " ind2=" ">
    <subfield code="a">&#xCD;ndice</subfield>
  </datafield>
  <datafield tag="505" ind1="0" ind2=" ">
    <subfield code="a">Concepcion del Hombre, y su estado basta su nacimiento: Car&#xE1;cter, &#xF3; breve idea del Hombre; Concepcion del Hombre; Formaci&#xF3;n de varios fetos; qu&#xE1;l de estos sea el primog&#xE9;nito; y si es posible la superfetacion; Tiempo que el feto humano se detiene en el seno materno; Abortos; Alimento y respiraci&#xF3;n del feto en el seno materno; Descripcion del feto en el seno materno; Conducta de vida que debe observar la muger que est&#xE1; en cinta. Bautismo del feto antes de nacer; Infancia del Hombre: Nacimiento del Hombre. Casas de parto, y de ni&#xF1;os exp&#xF3;sitos. Providencia admirable de la proporci&#xF3;n en el n&#xFA;mero de varones y de hembras; Sobre la semejanza &#xFA; desemejanza de los hijos &#xE1; sus padres; Monstruos humanos; No consta que en la especie humana haya habido hermafrod&#xED;ta alguno; Mortandad de infantes; conducta que se debe tener con ellos desde su nacimiento hasta el tercer mes de su edad; Tiempo en que el infante empieza &#xE1; manifestar su racionalidad; salida de sus primeros dientes; y conducta en criarle desde el quarto mes de su vida hasta los dos a&#xF1;os de su edad; Tiempo en que el infante empieza &#xE1; hablar; si hay idi&#xF3;ma natural al Hombre; y sobre la diversidad de idi&#xF3;mas; Enfermedades del infante; Educacion del hombre en todo el tiempo de la infancia;  Ni&#xF1;&#xE9;z del hombre: Educacion del hombre en la ni&#xF1;&#xE9;z; Sobre la educaci&#xF3;n privada &#xF3; p&#xFA;blica del Hombre en la ni&#xF1;&#xE9;z; Si se debe usar el castigo con los ni&#xF1;os; y de algunos medios suaves para empe&#xF1;arlos en el cumplimiento de sus deberes; De los exercicios propios de la ni&#xF1;&#xE9;z, en las horas de recreaci&#xF3;n; Habilidades caballerescas que deben aprender los ni&#xF1;os de familias nobles, &#xF3; civiles acomodadas; Educacion de la muger en su ni&#xF1;&#xE9;z</subfield>
  </datafield>
  <datafield tag="530" ind1=" " ind2=" ">
    <subfield code="a">Disponible en formato digital </subfield>
  </datafield>
  <datafield tag="596" ind1=" " ind2=" ">
    <subfield code="a">Marca tipogr&#xE1;fica en portada</subfield>
  </datafield>
  <datafield tag="597" ind1=" " ind2=" ">
    <subfield code="a">Sign.: [ ]4, e4, A-Z4, 2A-AZ4, 3A4, 3B2.</subfield>
  </datafield>
  <datafield tag="597" ind1=" " ind2=" ">
    <subfield code="a">Anteportada</subfield>
  </datafield>
  <datafield tag="599" ind1=" " ind2=" ">
    <subfield code="a">La h. de grab. calc.: "Rome Dominic Cardelli del." es retrato del autor.</subfield>
  </datafield>
  <datafield tag="650" ind1=" " ind2="4">
    <subfield code="a">Hombre</subfield>
    <subfield code="9">13451</subfield>
  </datafield>
  <datafield tag="650" ind1=" " ind2="4">
    <subfield code="a">Antropolog&#xED;a filos&#xF3;fica-</subfield>
    <subfield code="v">Obras anteriores a 1800</subfield>
    <subfield code="9">147426</subfield>
  </datafield>
  <datafield tag="650" ind1=" " ind2="4">
    <subfield code="a">Biolog&#xED;a-</subfield>
    <subfield code="v">Obras anteriores a 1800</subfield>
    <subfield code="9">157398</subfield>
  </datafield>
  <datafield tag="650" ind1=" " ind2="4">
    <subfield code="a">Educaci&#xF3;n-</subfield>
    <subfield code="v">Obras anteriores a 1800</subfield>
    <subfield code="9">12084</subfield>
  </datafield>
  <datafield tag="700" ind1="1" ind2=" ">
    <subfield code="a">Aznar, Pantale&#xF3;n,</subfield>
    <subfield code="d">fl. 1766-1797</subfield>
    <subfield code="e">prm</subfield>
    <subfield code="9">125767</subfield>
  </datafield>
  <datafield tag="752" ind1=" " ind2=" ">
    <subfield code="a">Espa&#xF1;a -</subfield>
    <subfield code="d">Madrid </subfield>
  </datafield>
  <datafield tag="852" ind1="4" ind2=" ">
    <subfield code="a">ES-MaACL</subfield>
    <subfield code="c">DEPO</subfield>
    <subfield code="d">Olim: G-2562-68</subfield>
    <subfield code="j">R-822-28   </subfield>
    <subfield code="x">Pasta espa&#xF1;ola </subfield>
  </datafield>
  <datafield tag="856" ind1="4" ind2=" ">
    <subfield code="u">https://bdh-rd.bne.es/viewer.vm?id=0000175780&amp;page=1</subfield>
    <subfield code="y">Versi&#xF3;n en l&#xED;nea </subfield>
    <subfield code="z">(Biblioteca Digital Hisp&#xE1;nica)</subfield>
  </datafield>
  <datafield tag="942" ind1=" " ind2=" ">
    <subfield code="c">MONANT</subfield>
    <subfield code="n">0</subfield>
  </datafield>
  <datafield tag="999" ind1=" " ind2=" ">
    <subfield code="c">155388</subfield>
    <subfield code="d">155388</subfield>
  </datafield>
  <datafield tag="952" ind1=" " ind2=" ">
    <subfield code="0">0</subfield>
    <subfield code="1">0</subfield>
    <subfield code="4">0</subfield>
    <subfield code="7">0</subfield>
    <subfield code="8">LIBXVIII</subfield>
    <subfield code="a">ATENEOM</subfield>
    <subfield code="b">ATENEOM</subfield>
    <subfield code="c">DEPO</subfield>
    <subfield code="d">2008-01-17</subfield>
    <subfield code="l">0</subfield>
    <subfield code="o">R-822-28</subfield>
    <subfield code="p">1162541</subfield>
    <subfield code="r">2023-02-23 00:00:00</subfield>
    <subfield code="w">2023-02-23</subfield>
    <subfield code="y">MONANT</subfield>
  </datafield>
</record>
